| 000 | 01147nam a22002055i 4500 | ||
|---|---|---|---|
| 001 | 155949 | ||
| 003 | ES-MaACL | ||
| 005 | 20250909230534.0 | ||
| 008 | 011130s1876 sp |||| | spa d | ||
| 040 |
_aEXT _bspa _cEXT |
||
| 110 | 2 |
_aInstituto de Segunda Enseñanza de la Provincia de Badajoz. _9134558 |
|
| 245 | 1 | 0 |
_aResúmen del estado del Instituto Provincial de Segunda Enseñanza de Badajoz, durante el año académico de 1875 á 1876 / _cleido por Carlos Soler y Arqués, en el acto de apertura de estudios celebrado el 1º de octubre de 1876. |
| 260 |
_aBadajoz : _b[s.n.], _c1876 ( _fImprenta de la viuda de Arteaga) |
||
| 300 |
_a27 p., [1] h. pleg. ; _c20 cm. |
||
| 610 | 2 | 4 |
_aInstituto de Segunda Enseñanza de la Provincia de Badajoz- _xMemorias. _9160839 |
| 700 | 1 | 1 |
_aSoler y Arqués, Carlos, _d1836-1896 _9132802 |
| 852 |
_aES-MaACL _jT-370-F-23 _z-- Enc. hol., falto de la enc. original _z-- Ded. de Gustavo Sáenz Díez a a la Biblioteca de Escolares Médicos _z-- Enc. en un vol. facticio |
||
| 852 |
_aES-MaACL _jT-707-F-6 _z-- Enc. hol., falto de la enc. original _z-- Enc. en un vol. facticio |
||
| 999 |
_c155949 _d155949 |
||